000 00756nam a2200205 u 4500
001 000415734
003 AM-YeHGA
005 20250617132954.0
008 050318s1976 ||||||||||||||||||||rus d
040 _aAM-YeHGA
041 0 _arus
100 1 _aАмирджанянц, Феликс Ашотович.
245 1 0 _aКПСС и научно-технический прогресс в СССР / :
_bФ.А. Амирджанянц, Л.И. Максимов.
260 _aМосква :
_bПолитиздат,
_c1976.
300 _a79 с.
440 0 _aКонсультации по истории КПСС
650 1 4 _aКоммунистическая партия
700 1 _aМаксимов, Леонид Иванович.
090 _c159966
999 _c158562
_d158562